| 000 | 01074nam0a22002411 4500 | ||
|---|---|---|---|
| 001 | rc\4786244 | ||
| 005 | 20130417103450.7 | ||
| 035 | _a(NLR Aleph) 009005830 | ||
| 090 |
_a9336304 _c9336304 |
||
| 100 | _a20130417d1964 |||y0rusy50 ca | ||
| 101 | 0 | _arus | |
| 102 | _aRU | ||
| 105 | _aa z ||||| | ||
| 200 | 1 |
_aОбмен опытом по внедрению радиоактивных изотопов и ядерных излучений в промышленности _e(Материалы Респ. семинара) _f[Под ред. С.Х. Бухарбаева] _gГос. ком. Совета Министров Каз. ССР по координации науч.-исслед. работ. Центр. ин-т науч.-техн. информации |
|
| 210 |
_aАлма-Ата _cБ. и. _d1964 |
||
| 215 |
_a75 с., 2 л. черт. _cил. _d22 |
||
| 333 | _aРассылается по списку | ||
| 702 | 1 |
_aБухарбаев _bС. Х. _4340 |
|
| 801 | 0 |
_aRU _bNLR _gpsbo |
|
| 801 | 1 |
_aRU _bELAR _2rusmarc |
|
| 852 |
_aNLR _j64-6/6282 |
||
| 942 | _cBOOK | ||
| 980 | _aNB | ||